000
00233nam a2200097Ia 4500
008
190216s9999||||xx |||||||||||||| ||und||
100
_a
Nambeeshan C N
245
0
_a
Adhunika Bouthikam
260
_b
Kerala Bhasha Institute
942
_c
BK
999
_c
40279
_d
40279